Statistics for ๐Ÿ’ฏ Most given Baby Girl ๐Ÿ‘ง names in the USA ๐Ÿ‡บ๐Ÿ‡ธ in 1991

Click here to take the quiz!

General Stats

  • This quiz has been taken 207 times
  • The average score is 57 of 100

Answer Stats

OrderName% Correct
#9Elizabeth
93%
#10Emily
93%
#37Sara
92%
#45Maria
91%
#38Mary
91%
#46Anna
90%
#8Jennifer
90%
#35Laura
87%
#2Jessica
86%
#67Julia
86%
#98Julie
86%
#14Rachel
86%
#29Hannah
85%
#61Olivia
85%
#43Amy
81%
#21Rebecca
81%
#28Victoria
81%
#13Lauren
80%
#31Christina
79%
#20Melissa
79%
#15Nicole
79%
#7Stephanie
79%
#83Lisa
78%
#22Michelle
78%
#64Natalie
78%
#5Samantha
77%
#6Sarah
76%
#53Katie
75%
#4Amanda
74%
#72Catherine
74%
#42Kelly
74%
#1Ashley
73%
#17Danielle
71%
#63Alicia
69%
#34Kimberly
69%
#92Abigail
68%
#36Alexandra
68%
#73Christine
67%
#3Brittany
66%
#11Megan
64%
#25Katherine
63%
#56Vanessa
63%
#39Andrea
62%
#32Taylor
62%
#47Alexis
61%
#30Alyssa
61%
#96Melanie
60%
#59Angela
59%
#19Courtney
59%
#16Amber
58%
#91Leah
58%
#44Erin
57%
#24Jasmine
57%
#74Molly
57%
#23Heather
56%
#12Kayla
56%
#85Monica
56%
#27Tiffany
56%
#97Gabrielle
53%
#80Jenna
52%
#50Allison
50%
#18Chelsea
50%
#100Veronica
50%
#51Brianna
48%
#41Crystal
47%
#65Brooke
44%
#54Cassandra
44%
#76Paige
44%
#40Erica
43%
#71Shannon
43%
#60Jamie
39%
#62Jordan
39%
#49Morgan
39%
#26Kelsey
38%
#93Cynthia
37%
#88April
36%
#70Jacqueline
36%
#52Lindsey
34%
#78Alexandria
32%
#86Kristin
32%
#90Miranda
32%
#82Kaitlyn
31%
#48Kristen
31%
#79Haley
30%
#81Marissa
30%
#68Whitney
29%
#55Caitlin
28%
#69Mariah
28%
#77Lindsay
27%
#57Kathryn
25%
#33Shelby
25%
#75Katelyn
23%
#89Bianca
22%
#95Briana
22%
#94Meghan
21%
#66Ariel
19%
#58Brittney
19%
#99Kaitlin
19%
#84Erika
18%
#87Kristina
18%

Score Distribution

Percentile by Number Answered

Percent of People with Each Score

Your Score History

You have not taken this quiz